000 00875nam a2200253Ia 4500
003 OSt
005 20220923211214.0
006 a|||||r|||| 00| 0
007 ta
008 220922b |||||||| |||| 00| 0 hin d
020 _a9788126318100 (hbk)
_c250
024 _a245,953
037 _b0/00922-D5, 08/03/2011, Bharatiya Gyanpith
_cTextual
040 _aARTS
_cARTS
_bhin
041 _2hin
_ahin
082 _aO152,3N52,CK, P9
100 _aप्रियंवद
_9156277
245 0 _aछुट्टी के दिन का कोरस
246 _aChhuṭṭī ke din kā korasa
260 _aदिल्ली
_b भारतीय ज्ञानपीठ
_c2009
300 _a285पृ.
_ccm.
942 _hO152,3N52,CK, P9
_cTEXL
_2CC
999 _c296841
_d296841